000 00483nam a2200181Ia 4500
008 240925s9999 xx 000 0 und d
020 _a007033045x
082 _a621.382 JOR
100 _aJorgensen, Finn
245 4 _aThe Complete Handbook of Magnetic Recording
250 _a4th
260 _aNew York:
_bMcGraw-Hill
_c,1995.
300 _axvii,455p.
_bNA
_fPirated
500 _aIncludes Index
600 _aTelecommunication Engineering
650 _aTechnology
942 _cBK
999 _c3993
_d3993